Theory and problems of statistics (Record no. 7819)

000 -LEADER
fixed length control field 00486nam a2200193La 4500
001 - CONTROL NUMBER
control field 7819
003 - CONTROL NUMBER IDENTIFIER
control field BD-DhUET
008 - FIXED-LENGTH DATA ELEMENTS--GENERAL INFORMATION
fixed length control field 000404s1999 nyu s 001 0 eng d
040 ## - CATALOGING SOURCE
Transcribing agency 0
Modifying agency BD-DhUET
082 04 - DEWEY DECIMAL CLASSIFICATION NUMBER
Classification number 519.9
Item number SPI/1961
100 1# - MAIN ENTRY--PERSONAL NAME
Personal name Spiegel, Murray R.
245 10 - TITLE STATEMENT
Title Theory and problems of statistics
250 ## - EDITION STATEMENT
Edition statement 1st ed.
260 ## - PUBLICATION, DISTRIBUTION, ETC. (IMPRINT)
Place of publication, distribution, etc. New York
Name of publisher, distributor, etc. McGraw-Hill
Date of publication, distribution, etc. 1961
300 ## - PHYSICAL DESCRIPTION
Extent vii, 339 p.
490 ## - SERIES STATEMENT
Series statement Schaums outline series
650 #0 - SUBJECT ADDED ENTRY--TOPICAL TERM
Topical term or geographic name as entry element Statistical mathematics
942 ## - ADDED ENTRY ELEMENTS (KOHA)
Koha item type General Book
Holdings
Koha item type Withdrawn status Sublocation or collection (holding branch) Koha date last seen Koha full call number Copy number Location (home branch) Piece designation (barcode) Damaged status Koha normalized classification for sorting Not for loan Price effective from Shelving location Lost status Date acquired Source of classification or shelving scheme
General Book Central Library, BUET2014-12-13519.9/SPI/19611Central Library, BUET45113 519_900000000000000_SPI_1961 2014-12-13Circulation section 2014-12-13 
General Book Central Library, BUET2014-12-13519.9/SPI/19612Central Library, BUET7858 519_900000000000000_SPI_1961 2014-12-13Circulation section 2014-12-13 
Reading Item Central Library, BUET2015-06-11519.9/SPI/19613Central Library, BUET23617 519_900000000000000_SPI_1961 2015-06-11Reading section 2015-06-11 
Reading Item Central Library, BUET2015-06-11519.9/SPI/19614Central Library, BUET9588 519_900000000000000_SPI_1961 2015-06-11Reading section 2015-06-11 
Reading Item Central Library, BUET2015-06-11519.9/SPI/19615Central Library, BUET17979 519_900000000000000_SPI_1961 2015-06-11Reading section 2015-06-11 
Reading Item Central Library, BUET2015-06-11519.9/SPI/19616Central Library, BUET31852 519_900000000000000_SPI_1961 2015-06-11Reading section 2015-06-11 
General Book Central Library, BUET2016-11-27519.9/SPI/19617Central Library, BUET31857 519_900000000000000_SPI_1961 2016-11-27Circulation section 2016-11-27